| 000 | 00752nam a2200253Ia 4500 | ||
|---|---|---|---|
| 003 | 0100 | ||
| 008 | 130307s9999 xx 000 0 und d | ||
| 020 | _a0826213456 | ||
| 040 | _cARRUPELIB | ||
| 050 | _aB995.L654M24 2001 | ||
| 100 | _aMcPartland, Thomas J | ||
| 245 | _aLonergan and the philosophy of historical existence | ||
| 260 | _aColumbia | ||
| 260 | _bUniversity of Missouri press | ||
| 260 | _c2001 | ||
| 300 | _a305p. | ||
| 300 | _b24cm. | ||
| 440 | _aEric Voegelin Institute series in Political Philosophy | ||
| 650 | _aPHILOSOPHY | ||
| 650 | _bMozambique -- History -- To 1505 -- Sources | ||
| 650 | _cMozambique -- History -- 1505-1698 -- Sources | ||
| 650 | _dMozambique -- History -- 1698-1891 -- Sources | ||
| 942 | 0 | 0 | _03 |
| 999 |
_c94709 _d94709 |
||